书目信息 |
| 题名: |
关于鲁迅
|
|
| 作者: | 周作人 著 | |
| 分册: | ||
| 出版信息: | 乌鲁木齐 新疆人民出版社 1997 |
|
| 页数: | 678页 | |
| 开本: | 21cm | |
| 丛书名: | ||
| 单 册: | ||
| 中图分类: | I210.96 | |
| 科图分类: | ||
| 主题词: | 学习鲁迅 | |
| 电子资源: | ||
| ISBN: | 7-228-04295-6 | |
| 000 | 00523nam0 2200193 45 | |
| 001 | 0109251641 | |
| 005 | 20041207145412.9 | |
| 010 | @a7-228-04295-6@dCNY24.80 | |
| 100 | @a20010925d1997 km y0chiy0120 ea | |
| 101 | 0 | @achi |
| 105 | @a z 000yy | |
| 200 | 1 | @a关于鲁迅@AGuan Yu Lu Xun@f周作人著@FZhou Zuo Ren Zhu |
| 210 | @a乌鲁木齐@c新疆人民出版社@d1997 | |
| 215 | @a678页@d21cm | |
| 606 | 0 | @a学习鲁迅 |
| 690 | @aI210.96@v4 | |
| 701 | @a周作人@4著 | |
| 801 | @aCN@bTSTC@c20010925 | |
| 905 | @f4@b298878-881@dI210.96@e177 | |
| 关于鲁迅/周作人著.-乌鲁木齐:新疆人民出版社,1997 |
| 678页;21cm |
| ISBN 7-228-04295-6:CNY24.80 |
| ● |
| 相关链接 |
|
|
|
|
正题名:关于鲁迅
索取号:I210.96/177
 
预约/预借
| 序号 | 登录号 | 条形码 | 馆藏地/架位号 | 状态 | 备注 |
| 1 | 0298878 | 202988785 | 第二借阅区/ [索取号:I210.96/177] | 在馆 | |
| 2 | 0298879 | 202988794 | 第二借阅区/ [索取号:I210.96/177] | 在馆 | |
| 3 | 0298880 | 202988801 | 第二借阅区/ [索取号:I210.96/177] | 在馆 | |
| 4 | 0298881 | 202988810 | 第一样本阅览室/ [索取号:I210.96/177] | 在馆 |